000 00618cam a22002174a 4500
005 20250605164321.0
008 250528s ||||||||||||||||||||||||d
035 _a22906
020 _a9780415101868
040 _aGR-AtMCL
_bgre
_dGR-AtMCL
_eAACR2
245 1 _aORGANIZATIONS AND TECHNICAL CHANGE
250 _a1
260 _bRouledge,
_c1995
300 _a284
505 0 _aADOPTING NEW TECHNOLOGY CASE STUDIES IN NEW TECHNOLOGY ADOPTION
520 _aADOPTING NEW TECHNOLOGY CASE STUDIES IN NEW TECHNOLOGY ADOPTION
700 1 _aPreece David
_98536
942 _cBK
999 _c7950
_d7950